00571nam a2200181 a 45000010010000000030011000100080041000210350026000620820014000881000018001022450061001202600058001816500013002399420012002529520090002649980020003549990015003740000-9350ELIB.Books110520 1989  a(ELIB.Books)0000-9502 a610 bWer aWerner, David aWhere There is No Doctor on Village Health Care Handbook bNew York: Published by Macmillan PublishersLTD c1989 aMedicine 2ddccBK 00102ddc4070aKBTSbKBTSd2011-05-20l0p1519r2022-01-22 00:00:00w2022-01-22yBK cbate2011-05-20 c9350d9350